000 00903nam a22003137a 4500
001 0049568
003 KOHA_MİRAKIL
005 20260207003656.0
007 ta
008 150629b2013 tu |||gr||||#||||0|tur |
020 _a9786054639649
040 _aTR-BiSEU
_btur
_cTR-BiSEU
_erda
041 0 _atur
044 _ctu
050 _aHC241.25.T9
_bK39 2013
100 1 _aKaya, Burak.
245 1 _aTürkiye - AB müzakere süreci/
_cBurak Kaya ; Burak Kaya.
264 1 _aKonya :
_bÇizgi
_c2013
300 _a176 sayfa; 23 cm.
336 _ametin
_btxt
_2rdacontent
337 _aaracısız
_bn
_2rdamedia
338 _acilt
_bnc
_2rdacarrier
490 1 _aÇizgi Kitabevi Yayınları No ;
_v419.
490 1 _aBilim Toplum Siyaset
500 _aKaynakça var.
830 1 _aÇizgi Kitabevi Yayınları No ;
_v419.
_991229
830 1 _aBilim Toplum Siyaset
_951094
942 _2lcc
_cBK
999 _c49405
_d49405